| 000 | 00783nam a2200253Ia 4500 | ||
|---|---|---|---|
| 003 | OSt | ||
| 005 | 20241105101644.0 | ||
| 008 | 210716s1991 xx 000 0 und d | ||
| 040 | _cAIMIT LIBRARY | ||
| 041 | _aeng | ||
| 082 |
_a005.73 _bSHIA |
||
| 100 |
_aShiflet, Angela B. _9183790 |
||
| 245 |
_aElementary data structures with pascal / _cBy Angela B. Shiflet. |
||
| 250 | _a1st ed. | ||
| 260 |
_aNew Delhi : _bGalgotia Publications Pvt Ltd , _c1991. |
||
| 300 |
_axvii,612 p.; _bPB _c25 cm. |
||
| 650 |
_aProgramming methodology _9183791 |
||
| 650 |
_aElementary data structures _9183792 |
||
| 650 |
_aStrings _9183793 |
||
| 650 |
_aGraphs and networks _9183794 |
||
| 650 |
_aUsing linked lists _9183795 |
||
| 650 |
_aBinary trees _9184065 |
||
| 942 |
_2ddc _cBK _k005.73 SHIA |
||
| 999 |
_c182074 _d182074 |
||